[Event "Kaupthing Open 2008"]
[Site "Differdange LUX"]
[Date "2008.05.12"]
[Round "4.7"]
[White "Papadopoulos, Ioannis K"]
[Black "Gupta, Abhijeet"]
[Result "0-1"]
[WhiteElo "2471"]
[BlackElo "2521"]
[PlyCount "120"]
[EventDate "2008.05.10"]
[EventType "swiss"]
[EventRounds "9"]
[EventCountry "LUX"]
[Source "lmi"]
[SourceDate "2008.05.10"]

1. e4 e5 2. Nf3 Nc6 3. Bb5 a6 4. Ba4 Nf6 5. O-O Be7 6. Re1 b5 7. Bb3 O-O 8. a4
b4 9. d3 d6 10. Nbd2 Be6 11. c3 Rb8 12. Bxe6 fxe6 13. d4 bxc3 14. bxc3 d5 15.
exd5 Nxd5 16. Ne4 exd4 17. cxd4 Bb4 18. Bd2 Nf4 19. Rc1 Nxd4 20. Nxd4 Qxd4 21.
Bxf4 Qxd1 22. Rexd1 Rxf4 23. Ng5 Bd6 24. Nxe6 Rf7 25. Nc5 Rb2 26. Ne4 h6 27.
Rc6 a5 28. f3 Bf4 29. h4 Be3+ 30. Kf1 Rf4 31. Rd8+ Kh7 32. h5 Bb6 33. Re6 Rb1+
34. Ke2 Rb2+ 35. Kf1 Rb1+ 36. Ke2 Rb2+ 37. Kd3 Rxg2 38. Ree8 Rxf3+ 39. Kc4 Rc2+
40. Kb5 Rf5+ 41. Ka6 Rxh5 42. Nf6+ Kg6 43. Nxh5 Kxh5 44. Rd7 g5 45. Re6 Rc4 46.
Rh7 Rxa4 47. Rhxh6+ Kg4 48. Rhg6 Kh4 49. Re1 g4 50. Rh6+ Kg3 51. Rb1 Rf4 52.
Rc6 Kh3 53. Rh6+ Kg2 54. Rh4 a4 55. Kb5 Bf2 56. Rh7 c5 57. Ra7 g3 58. Rxa4 Rxa4
59. Kxa4 Kf3 60. Rb3+ Be3 0-1

[Event "Kaupthing Open 2008"]
[Site "Differdange LUX"]
[Date "2008.05.13"]
[Round "5.1"]
[White "Feller, Sebastien"]
[Black "Istratescu, Andrei"]
[Result "0-1"]
[WhiteElo "2540"]
[BlackElo "2628"]
[PlyCount "31"]
[EventDate "2008.05.10"]
[EventType "swiss"]
[EventRounds "9"]
[EventCountry "LUX"]
[Source "lmi"]
[SourceDate "2008.05.10"]

1. d4 e6 2. c4 b6 3. e4 Bb7 4. e5 d6 5. Nf3 Nd7 6. Qa4 dxe5 7. dxe5 Ne7 8. Be2
Bc6 9. Qc2 Ng6 10. O-O Ndxe5 11. Rd1 Bd6 12. Nd4 Bb7 13. Nb5 O-O 14. f4 Bc5+
15. Kh1 Qh4 16. Rf1 0-1

[Event "Kaupthing Open 2008"]
[Site "Differdange LUX"]
[Date "2008.05.13"]
[Round "5.2"]
[White "Stefansson, Hannes"]
[Black "Danielsen, Henrik"]
[Result "1/2-1/2"]
[WhiteElo "2583"]
[BlackElo "2510"]
[PlyCount "68"]
[EventDate "2008.05.10"]
[EventType "swiss"]
[EventRounds "9"]
[EventCountry "LUX"]
[Source "lmi"]
[SourceDate "2008.05.10"]

1. e4 d6 2. d4 Nf6 3. Nc3 g6 4. f4 Bg7 5. Nf3 c5 6. Bb5+ Bd7 7. Bxd7+ Nfxd7 8.
d5 b5 9. Nxb5 Qa5+ 10. Nc3 Bxc3+ 11. bxc3 Qxc3+ 12. Bd2 Qc4 13. Qe2 Nb6 14. a4
a5 15. Qxc4 Nxc4 16. Ke2 Nd7 17. Kd3 Ndb6 18. Bc3 O-O 19. g4 e6 20. Rhe1 Ra6
21. h4 Re8 22. h5 Ra7 23. hxg6 fxg6 24. Ng5 exd5 25. exd5 Rae7 26. Re6 Rxe6 27.
dxe6 d5 28. f5 d4 29. f6 Ne5+ 30. Ke4 Nf7 31. Nxf7 Rxe6+ 32. Ne5 dxc3 33. f7+
Kg7 34. Rf1 Nd7 1/2-1/2

[Event "Kaupthing Open 2008"]
[Site "Differdange LUX"]
[Date "2008.05.13"]
[Round "5.5"]
[White "Schlosser, Philipp"]
[Black "Nebolsina, Vera"]
[Result "1-0"]
[WhiteElo "2562"]
[BlackElo "2345"]
[PlyCount "51"]
[EventDate "2008.05.10"]
[EventType "swiss"]
[EventRounds "9"]
[EventCountry "LUX"]
[Source "lmi"]
[SourceDate "2008.05.10"]

1. Nf3 Nf6 2. c4 g6 3. Nc3 Bg7 4. e4 d6 5. d4 O-O 6. Be2 Na6 7. O-O e5 8. Re1
c6 9. Be3 Ng4 10. Bg5 f6 11. Bh4 g5 12. Bg3 Nh6 13. c5 g4 14. Nh4 Nc7 15. Qb3+
Kh8 16. cxd6 Ne6 17. dxe5 Nd4 18. exf6 Nxb3 19. fxg7+ Kxg7 20. axb3 Be6 21. Bc4
Qd7 22. Ne2 Nf7 23. Bxe6 Qxe6 24. Nd4 Qe8 25. e5 Rd8 26. Ndf5+ 1-0

[Event "Kaupthing Open 2008"]
[Site "Differdange LUX"]
[Date "2008.05.13"]
[Round "5.6"]
[White "Thorhallsson, Throstur"]
[Black "Gharamian, Tigran"]
[Result "0-1"]
[WhiteElo "2437"]
[BlackElo "2554"]
[PlyCount "136"]
[EventDate "2008.05.10"]
[EventType "swiss"]
[EventRounds "9"]
[EventCountry "LUX"]
[Source "lmi"]
[SourceDate "2008.05.10"]

1. e4 g6 2. d4 Bg7 3. Nc3 c6 4. Be3 d5 5. Qd2 dxe4 6. Nxe4 Nd7 7. Nf3 Ngf6 8.
Nc3 O-O 9. h3 b5 10. Bd3 Bb7 11. O-O Re8 12. Rfe1 a6 13. Ne5 c5 14. Nxd7 cxd4
15. Nxf6+ Bxf6 16. Ne4 dxe3 17. Nxf6+ exf6 18. Rxe3 Qd4 19. c3 Qd5 20. f3 Kg7
21. Kh1 Rxe3 22. Qxe3 Rd8 23. Be4 Qe6 24. Qf4 Bxe4 25. fxe4 Re8 26. a4 Qc4 27.
axb5 axb5 28. Re1 f5 29. Qd6 fxe4 30. Re3 Qf1+ 31. Kh2 Qf6 32. Qd2 h5 33. b3
Qe5+ 34. Kh1 f5 35. c4 f4 36. Re1 bxc4 37. bxc4 e3 38. Qd3 Qe4 39. Qc3+ Qe5 40.
Qd3 Qe4 41. Qc3+ Kh6 42. Rf1 Rd8 43. Ra1 Qd4 44. Qa5 Rc8 45. Qa6 Rxc4 46. Qa8
Rc8 47. Qxc8 Qxa1+ 48. Kh2 Qe5 49. Qf8+ Kg5 50. Qd8+ Kf5 51. Qc8+ Qe6 52. Qf8+
Ke5 53. Qc5+ Qd5 54. Qc3+ Qd4 55. Qc6 Qd6 56. Qc3+ Kf5 57. Kh1 Qe7 58. Qa5+ Qe5
59. Qe1 e2 60. Qb1+ Kg5 61. Qe1 Kh6 62. Kg1 Qd4+ 63. Kh2 Qe3 64. Kh1 Kh7 65. h4
Kh6 66. Kh2 Qg3+ 67. Qxg3 fxg3+ 68. Kh3 e1=R 0-1

[Event "Kaupthing Open 2008"]
[Site "Differdange LUX"]
[Date "2008.05.14"]
[Round "6.5"]
[White "Edouard, Romain"]
[Black "Gupta, Abhijeet"]
[Result "1/2-1/2"]
[WhiteElo "2509"]
[BlackElo "2521"]
[PlyCount "23"]
[EventDate "2008.05.10"]
[EventType "swiss"]
[EventRounds "9"]
[EventCountry "LUX"]
[Source "lmi"]
[SourceDate "2008.05.10"]

1. e4 e5 2. Nf3 Nc6 3. Bc4 Nf6 4. d3 Bc5 5. c3 O-O 6. b4 Be7 7. O-O d5 8. exd5
Nxd5 9. b5 Na5 10. Bxd5 Qxd5 11. c4 Qd8 12. Bd2 1/2-1/2

[Event "Kaupthing Open 2008"]
[Site "Differdange LUX"]
[Date "2008.05.14"]
[Round "6.6"]
[White "Bauer, Christian"]
[Black "Feller, Sebastien"]
[Result "1-0"]
[WhiteElo "2618"]
[BlackElo "2540"]
[PlyCount "85"]
[EventDate "2008.05.10"]
[EventType "swiss"]
[EventRounds "9"]
[EventCountry "LUX"]
[Source "lmi"]
[SourceDate "2008.05.10"]

1. e4 c5 2. Nf3 d6 3. Bc4 Nf6 4. d3 e6 5. Bb3 Be7 6. c3 Nc6 7. O-O d5 8. e5 Nd7
9. d4 b6 10. Re1 Ba6 11. a3 h6 12. Bc2 Qc7 13. b3 O-O-O 14. Be3 Kb8 15. Nbd2
cxd4 16. cxd4 Rc8 17. Ra2 g5 18. h3 h5 19. Nf1 g4 20. Ng5 Bxg5 21. Bxg5 gxh3
22. g3 Rcg8 23. Bf4 h4 24. Kh2 hxg3+ 25. fxg3 Ne7 26. Ne3 Qc3 27. Bb1 Rc8 28.
g4 Ka8 29. Bg3 Nc6 30. Rd2 f6 31. exf6 Nxf6 32. Rc2 Qa5 33. b4 Qa4 34. Rf2 Qxd1
35. Rxd1 Ne4 36. Bxe4 dxe4 37. d5 exd5 38. Rxd5 Rhf8 39. Rxf8 Rxf8 40. b5 Bb7
41. bxc6 Bxc6 42. Rd6 Kb7 43. g5 1-0

[Event "Kaupthing Open 2008"]
[Site "Differdange LUX"]
[Date "2008.05.14"]
[Round "6.7"]
[White "Thorfinnsson, Bjorn"]
[Black "Kritz, Leonid"]
[Result "1/2-1/2"]
[WhiteElo "2417"]
[BlackElo "2609"]
[PlyCount "161"]
[EventDate "2008.05.10"]
[EventType "swiss"]
[EventRounds "9"]
[EventCountry "LUX"]
[Source "lmi"]
[SourceDate "2008.05.10"]

1. d4 Nf6 2. c4 e6 3. Nc3 Bb4 4. Qc2 O-O 5. a3 Bxc3+ 6. Qxc3 b6 7. Nf3 Bb7 8.
g3 c5 9. Bg2 cxd4 10. Qxd4 Nc6 11. Qd1 Na5 12. b3 d5 13. Bd2 dxc4 14. Bxa5 bxa5
15. bxc4 Qxd1+ 16. Rxd1 Rac8 17. O-O Bxf3 18. Bxf3 Rxc4 19. Rb1 g5 20. h3 Rfc8
21. Rb5 R8c5 22. Rfb1 h5 23. g4 hxg4 24. hxg4 Nd7 25. Rb7 Ne5 26. Rxa7 Nxg4 27.
e3 Ne5 28. Be2 Rc2 29. Rb5 Nf3+ 30. Kg2 Nh4+ 31. Kg1 Nf3+ 32. Kg2 Nh4+ 33. Kg1
Rc1+ 34. Kh2 R5c2 35. Rxg5+ Kf8 36. Rh5 Rxe2 37. Rxh4 Rxf2+ 38. Kg3 Rf5 39. Rf4
Rcc5 40. Rxf5 Rxf5 41. e4 Rc5 42. Kf4 Kg7 43. Ra8 Kg6 44. Rg8+ Kf6 45. Ra8 Kg7
46. a4 Kf6 47. Ra7 e5+ 48. Kf3 Kg6 49. Ke3 Rc3+ 50. Kd2 Rc4 51. Rxa5 Rxe4 52.
Rc5 f5 53. a5 Kf6 54. Kc3 f4 55. Rc4 f3 56. Rc8 Kf5 57. Kd3 Ra4 58. Ke3 Ra3+
59. Kf2 Kf4 60. Rf8+ Ke4 61. Kg3 Rxa5 62. Rxf3 Ra2 63. Rb3 Rd2 64. Rb5 Kd4 65.
Ra5 e4 66. Kf4 Rf2+ 67. Kg3 Rc2 68. Kf4 Rf2+ 69. Kg3 Rf3+ 70. Kg2 Rd3 71. Kf2
Rd2+ 72. Ke1 Ke3 73. Rh5 Re2+ 74. Kf1 Rf2+ 75. Ke1 Rf8 76. Rh7 Rf5 77. Rh8 Rf2
78. Rh7 Re2+ 79. Kf1 Rf2+ 80. Ke1 Rf3 81. Ra7 1/2-1/2

[Event "Kaupthing Open 2008"]
[Site "Differdange LUX"]
[Date "2008.05.15"]
[Round "7.2"]
[White "Gupta, Abhijeet"]
[Black "Bauer, Christian"]
[Result "1-0"]
[WhiteElo "2521"]
[BlackElo "2618"]
[PlyCount "83"]
[EventDate "2008.05.10"]
[EventType "swiss"]
[EventRounds "9"]
[EventCountry "LUX"]
[Source "lmi"]
[SourceDate "2008.05.10"]

1. d4 e6 2. c4 Bb4+ 3. Nc3 b6 4. e4 Bb7 5. Bd3 f5 6. d5 fxe4 7. Bxe4 Nf6 8. Bf3
Bxc3+ 9. bxc3 O-O 10. Ne2 e5 11. Ng3 d6 12. O-O Nbd7 13. Be2 Qe8 14. f4 Ba6 15.
Qc2 Kh8 16. Bd2 Rc8 17. Rae1 Nc5 18. fxe5 dxe5 19. Rf5 c6 20. Bg5 cxd5 21. Bxf6
gxf6 22. cxd5 Qg6 23. Ref1 Bb7 24. Qd2 Rcd8 25. c4 Bc8 26. Bh5 Qg7 27. R5f2 Ne6
28. Nf5 Qg5 29. Qxg5 Nxg5 30. Ng3 Kg7 31. h4 Nf7 32. Bxf7 Rxf7 33. Nh5+ Kg6 34.
Nxf6 Rc7 35. h5+ Kg7 36. Ne4 Rxc4 37. Rf7+ Kg8 38. Ng5 Rg4 39. Ne6 Bxe6 40.
dxe6 Re8 41. h6 b5 42. R1f5 1-0

[Event "Kaupthing Open 2008"]
[Site "Differdange LUX"]
[Date "2008.05.15"]
[Round "7.3"]
[White "Frolyanov, Dmitry"]
[Black "Drozdovskij, Yuri"]
[Result "1-0"]
[WhiteElo "2553"]
[BlackElo "2581"]
[PlyCount "123"]
[EventDate "2008.05.10"]
[EventType "swiss"]
[EventRounds "9"]
[EventCountry "LUX"]
[Source "lmi"]
[SourceDate "2008.05.10"]

1. e4 e6 2. d4 d5 3. Nc3 Bb4 4. e5 Ne7 5. a3 Bxc3+ 6. bxc3 c5 7. Qg4 Kf8 8. a4
Qc7 9. Nf3 b6 10. Bd3 Ba6 11. O-O cxd4 12. Nxd4 Bxd3 13. cxd3 Nbc6 14. Ba3 Kg8
15. Nxe6 Qxe5 16. Rfe1 h5 17. Qxg7+ Qxg7 18. Nxg7 Kxg7 19. Bxe7 Nxe7 20. Rxe7
Rhc8 21. Ra3 Kf6 22. Rb7 Rc5 23. g3 h4 24. gxh4 Rg8+ 25. Kf1 Ra5 26. Ra1 Rh8
27. Re1 Rxa4 28. Ree7 Rh7 29. Rxa7 Raxh4 30. Reb7 Rxh2 31. Rxb6+ Kg7 32. Rb4
R7h3 33. Ke2 Rh6 34. Rg4+ Kf8 35. Rf4 Re6+ 36. Kd2 Re7 37. Ra8+ Kg7 38. Ra5 d4
39. c4 Rb7 40. Rxd4 Rxf2+ 41. Ke3 Rbb2 42. Rg4+ Kf8 43. Ra8+ Ke7 44. Ra7+ Kd6
45. Rd4+ Ke6 46. Re4+ Kd6 47. Kd4 Rb8 48. Ree7 Rd8 49. Rac7 Rf5 50. Ke4 Rh5 51.
Rxf7 Rh4+ 52. Ke3 Rh3+ 53. Kd2 Ra8 54. Ra7 Rb8 55. Kc3 Rb1 56. Rfd7+ Ke6 57.
Rh7 Rg3 58. Ra6+ Kf5 59. Rh5+ Kf4 60. Rf6+ Kg4 61. Rg6+ Kxh5 62. Rxg3 1-0

[Event "Kaupthing Open 2008"]
[Site "Differdange LUX"]
[Date "2008.05.15"]
[Round "7.4"]
[White "Schlosser, Philipp"]
[Black "Edouard, Romain"]
[Result "1/2-1/2"]
[WhiteElo "2562"]
[BlackElo "2509"]
[PlyCount "43"]
[EventDate "2008.05.10"]
[EventType "swiss"]
[EventRounds "9"]
[EventCountry "LUX"]
[Source "lmi"]
[SourceDate "2008.05.10"]

1. Nf3 c5 2. c4 Nc6 3. d4 cxd4 4. Nxd4 Nf6 5. g3 Qb6 6. Nb5 a6 7. N5c3 Ne5 8.
e4 d6 9. h3 g6 10. b3 Bg7 11. Bg2 O-O 12. O-O Rb8 13. a4 Nc6 14. Ra2 Nd7 15.
Nd5 Qd8 16. Bg5 h6 17. Bd2 e6 18. Nf4 b5 19. axb5 axb5 20. cxb5 Rxb5 21. Na3
Rb8 22. Nc4 1/2-1/2

[Event "Kaupthing Open 2008"]
[Site "Differdange LUX"]
[Date "2008.05.15"]
[Round "7.5"]
[White "Danielsen, Henrik"]
[Black "Gharamian, Tigran"]
[Result "1/2-1/2"]
[WhiteElo "2510"]
[BlackElo "2554"]
[PlyCount "23"]
[EventDate "2008.05.10"]
[EventType "swiss"]
[EventRounds "9"]
[EventCountry "LUX"]
[Source "lmi"]
[SourceDate "2008.05.10"]

1. d4 Nf6 2. Nf3 e6 3. c4 c5 4. e3 cxd4 5. exd4 d5 6. Nc3 Bb4 7. Bd3 dxc4 8.
Bxc4 O-O 9. O-O b6 10. Bg5 Bxc3 11. bxc3 Bb7 12. Ne5 1/2-1/2

[Event "Kaupthing Open 2008"]
[Site "Differdange LUX"]
[Date "2008.05.15"]
[Round "7.6"]
[White "Stefansson, Hannes"]
[Black "Velicka, Petr"]
[Result "1/2-1/2"]
[WhiteElo "2583"]
[BlackElo "2496"]
[PlyCount "104"]
[EventDate "2008.05.10"]
[EventType "swiss"]
[EventRounds "9"]
[EventCountry "LUX"]
[Source "lmi"]
[SourceDate "2008.05.10"]

1. e4 c6 2. d4 d5 3. Nc3 dxe4 4. Nxe4 Bf5 5. Ng3 Bg6 6. h4 h6 7. Nf3 Nd7 8. h5
Bh7 9. Bd3 Bxd3 10. Qxd3 Ngf6 11. Bf4 Qa5+ 12. Bd2 Qc7 13. O-O-O e6 14. Ne4
Nxe4 15. Qxe4 Nf6 16. Qe2 Bd6 17. Kb1 O-O-O 18. c4 c5 19. Bc3 cxd4 20. Nxd4 a6
21. g4 Rd7 22. Nb3 Qc6 23. f3 Bf4 24. Rxd7 Qxd7 25. Nc5 Qc7 26. Nd3 Rd8 27.
Nxf4 Qxf4 28. Kc2 Ne8 29. Re1 Qc7 30. b3 Rd7 31. a4 Qd6 32. Qe3 Qf8 33. Qe5 Qd6
34. Qxd6 Rxd6 35. b4 f6 36. b5 axb5 37. axb5 Nc7 38. f4 b6 39. Re4 Rd7 40. Rd4
Ne8 41. Rxd7 Kxd7 42. Kd3 Nd6 43. Bd4 Kc7 44. c5 bxc5 45. Bxc5 Nxb5 46. Bf8 Kd7
47. Bxg7 Ke7 48. Bxh6 Kf7 49. g5 Nd6 50. gxf6 Kxf6 51. Bf8 Nf7 52. Ke4 e5
1/2-1/2

[Event "Kaupthing Open 2008"]
[Site "Differdange LUX"]
[Date "2008.05.15"]
[Round "7.7"]
[White "Dembo, Yelena"]
[Black "Socko, Bartosz"]
[Result "0-1"]
[WhiteElo "2429"]
[BlackElo "2644"]
[PlyCount "74"]
[EventDate "2008.05.10"]
[EventType "swiss"]
[EventRounds "9"]
[EventCountry "LUX"]
[Source "lmi"]
[SourceDate "2008.05.10"]

1. e4 e6 2. d4 d5 3. Nd2 c5 4. Ngf3 cxd4 5. Nxd4 Nc6 6. Bb5 Bd7 7. Nxc6 Bxc6 8.
Bxc6+ bxc6 9. O-O Nf6 10. e5 Nd7 11. Re1 Be7 12. Qg4 O-O 13. Nb3 Re8 14. Bf4
Rb8 15. Rad1 Rb4 16. Rd4 Qb6 17. Bd2 Rxd4 18. Qxd4 Rb8 19. Qg4 c5 20. c4 d4 21.
f4 g6 22. Qe2 Qa6 23. Bc1 Qxa2 24. Nd2 Rb4 25. f5 gxf5 26. g4 Qa6 27. Qg2 Kh8
28. Qf3 Rb8 29. gxf5 exf5 30. Qxf5 Qe6 31. Qe4 Rg8+ 32. Kh1 Qh3 33. Rf1 Bg5 34.
Qe2 Be3 35. Qf3 Qh6 36. Nb3 Nxe5 37. Bxe3 dxe3 0-1

[Event "Kaupthing Open 2008"]
[Site "Differdange LUX"]
[Date "2008.05.16"]
[Round "8.3"]
[White "Edouard, Romain"]
[Black "Socko, Bartosz"]
[Result "0-1"]
[WhiteElo "2509"]
[BlackElo "2644"]
[PlyCount "88"]
[EventDate "2008.05.10"]
[EventType "swiss"]
[EventRounds "9"]
[EventCountry "LUX"]
[Source "lmi"]
[SourceDate "2008.05.10"]

1. e4 e6 2. d4 d5 3. Nc3 Nf6 4. e5 Nfd7 5. f4 c5 6. Nf3 Nc6 7. Be3 cxd4 8. Nxd4
Bc5 9. Qd2 O-O 10. O-O-O a6 11. Nb3 Bxe3 12. Qxe3 b5 13. Bd3 b4 14. Na4 a5 15.
Qh3 g6 16. Qh6 Ba6 17. Nbc5 Nxc5 18. Nxc5 Bxd3 19. Rxd3 Qe7 20. Rh3 f6 21. Nxe6
Rf7 22. f5 Nxe5 23. Rg3 Kh8 24. Rd1 gxf5 25. Nf4 Rc8 26. Rxd5 Qc7 27. Rd2 Qc4
28. b3 Qf1+ 29. Rd1 Qf2 30. Rd2 Qg1+ 31. Rd1 Qc5 32. Rd2 Qg1+ 33. Rd1 Qf2 34.
Rd2 Qe1+ 35. Rd1 Qe4 36. Nd3 f4 37. Rh3 Rxc2+ 38. Kxc2 Qe2+ 39. Kb1 Qxd1+ 40.
Nc1 Qd4 41. Qh5 Qe4+ 42. Kb2 Qxg2+ 43. Kb1 Qe4+ 44. Kb2 Rd7 0-1

[Event "Kaupthing Open 2008"]
[Site "Differdange LUX"]
[Date "2008.05.16"]
[Round "8.5"]
[White "Velicka, Petr"]
[Black "Schlosser, Philipp"]
[Result "1/2-1/2"]
[WhiteElo "2496"]
[BlackElo "2562"]
[PlyCount "28"]
[EventDate "2008.05.10"]
[EventType "swiss"]
[EventRounds "9"]
[EventCountry "LUX"]
[Source "lmi"]
[SourceDate "2008.05.10"]

1. e4 d6 2. d4 g6 3. Nc3 Bg7 4. Nf3 Nf6 5. Be2 O-O 6. O-O a6 7. a4 b6 8. Re1 e6
9. e5 dxe5 10. Nxe5 Bb7 11. Bg5 h6 12. Bf3 hxg5 13. Bxb7 Ra7 14. Bf3 Nfd7
1/2-1/2

[Event "Kaupthing Open 2008"]
[Site "Differdange LUX"]
[Date "2008.05.16"]
[Round "8.6"]
[White "Bauer, Christian"]
[Black "Danielsen, Henrik"]
[Result "1-0"]
[WhiteElo "2618"]
[BlackElo "2510"]
[PlyCount "61"]
[EventDate "2008.05.10"]
[EventType "swiss"]
[EventRounds "9"]
[EventCountry "LUX"]
[Source "lmi"]
[SourceDate "2008.05.10"]

1. Nf3 f5 2. d3 d6 3. e4 Nc6 4. Nc3 e5 5. exf5 Bxf5 6. d4 Nb4 7. Bb5+ c6 8. Ba4
e4 9. Ng5 d5 10. f3 e3 11. f4 Bd6 12. O-O Nf6 13. a3 Na6 14. Bxe3 O-O 15. Qd2
Ng4 16. Nf3 Nc7 17. Bb3 Nxe3 18. Qxe3 Bxf4 19. Qxf4 Bxc2 20. Qxf8+ Qxf8 21.
Bxc2 Qf4 22. Rae1 Re8 23. g3 Qg4 24. Ne2 Nb5 25. Kg2 Nd6 26. Nf4 Rf8 27. h3 Qd7
28. Ng5 g6 29. Nfe6 Ra8 30. h4 h6 31. Rf6 1-0

[Event "Kaupthing Open 2008"]
[Site "Differdange LUX"]
[Date "2008.05.16"]
[Round "8.7"]
[White "Thorfinnsson, Bjorn"]
[Black "Stefansson, Hannes"]
[Result "0-1"]
[WhiteElo "2417"]
[BlackElo "2583"]
[PlyCount "76"]
[EventDate "2008.05.10"]
[EventType "swiss"]
[EventRounds "9"]
[EventCountry "LUX"]
[Source "lmi"]
[SourceDate "2008.05.10"]

1. d4 Nf6 2. c4 e6 3. g3 c5 4. Nf3 cxd4 5. Nxd4 Bb4+ 6. Nc3 O-O 7. Bg2 d5 8.
O-O dxc4 9. Bg5 Bxc3 10. bxc3 Nbd7 11. Qa4 Nb6 12. Qa3 h6 13. Bf4 Nbd5 14. Bd6
Re8 15. Rfd1 e5 16. Nb5 e4 17. Rd4 Bd7 18. Nxa7 Qb6 19. Bc5 Qc7 20. Bd6 Qb6 21.
Bc5 Qe6 22. Rad1 b6 23. Bd6 Bc6 24. Rxc4 Rxa7 25. Qxa7 Qxd6 26. Qxb6 Nxb6 27.
Rxd6 Nxc4 28. Rxc6 Nd2 29. Rd6 Nb1 30. a4 Nxc3 31. a5 Nxe2+ 32. Kh1 Ra8 33. Bf1
Nc1 34. a6 Nd3 35. f3 Ne8 36. Rc6 Ne5 37. Rb6 exf3 38. Rb5 Nd7 0-1

[Event "Kaupthing Open 2008"]
[Site "Differdange LUX"]
[Date "2008.05.17"]
[Round "9.1"]
[White "Socko, Bartosz"]
[Black "Istratescu, Andrei"]
[Result "0-1"]
[WhiteElo "2644"]
[BlackElo "2628"]
[PlyCount "96"]
[EventDate "2008.05.10"]
[EventType "swiss"]
[EventRounds "9"]
[EventCountry "LUX"]
[Source "lmi"]
[SourceDate "2008.05.10"]

1. e4 c5 2. Nf3 e6 3. d4 cxd4 4. Nxd4 a6 5. Bd3 d5 6. exd5 Qxd5 7. O-O Nd7 8.
Be3 Bc5 9. Nc3 Qe5 10. Nf3 Qc7 11. Qd2 Bxe3 12. Qxe3 Ngf6 13. Rfd1 O-O 14. Ne4
b6 15. c4 Bb7 16. Nd6 Ng4 17. Bxh7+ Kxh7 18. Qd3+ Kg8 19. Nxb7 Ndf6 20. Nd6
Rad8 21. Qd4 Rd7 22. h3 Rfd8 23. c5 bxc5 24. Qa4 Nxf2 25. Kxf2 Rxd6 26. Rxd6
Qxd6 27. Rc1 c4 28. Rxc4 Qb6+ 29. Kf1 Nd5 30. Rd4 Qxb2 31. Kg1 Rc8 32. Qb3 Rc1+
33. Kh2 Qxb3 34. axb3 Rc2 35. Ra4 Ne3 36. Ne1 Re2 37. Ra1 e5 38. Kg3 e4 39. b4
f5 40. h4 f4+ 41. Kxf4 Rxe1 42. Rxa6 Nd5+ 43. Ke5 e3 44. Kxd5 Rd1+ 45. Kc5 e2
46. Re6 e1=Q 47. Rxe1 Rxe1 48. b5 Rg1 0-1

[Event "Kaupthing Open 2008"]
[Site "Differdange LUX"]
[Date "2008.05.17"]
[Round "9.2"]
[White "Gupta, Abhijeet"]
[Black "Frolyanov, Dmitry"]
[Result "0-1"]
[WhiteElo "2521"]
[BlackElo "2553"]
[PlyCount "152"]
[EventDate "2008.05.10"]
[EventType "swiss"]
[EventRounds "9"]
[EventCountry "LUX"]
[Source "lmi"]
[SourceDate "2008.05.10"]

1. d4 d5 2. c4 e6 3. Nc3 c6 4. e4 dxe4 5. Nxe4 Bb4+ 6. Bd2 Qxd4 7. Bxb4 Qxe4+
8. Be2 Na6 9. Bd6 Qxg2 10. Qd2 Nf6 11. Bf3 Qg6 12. Ne2 e5 13. Bxe5 Be6 14.
O-O-O Qf5 15. Bf4 Bxc4 16. Nd4 Qc5 17. Rhe1+ Be6+ 18. Kb1 O-O-O 19. Bg3 Rhe8
20. Ka1 Qc4 21. b3 Qb4 22. Qb2 Bh3 23. Rxe8 Rxe8 24. a3 Qb6 25. b4 Rd8 26. Qd2
Nc7 27. Qf4 a5 28. Rd2 axb4 29. axb4 Rd7 30. Nb3 Rxd2 31. Nxd2 Be6 32. Kb2 Na6
33. Kc3 c5 34. bxc5 Qxc5+ 35. Kb2 Qb5+ 36. Kc1 Qc5+ 37. Kd1 Nd5 38. Qd6 Qxd6
39. Bxd6 Kd7 40. Bf8 g6 41. Ne4 b6 42. Kd2 Nab4 43. Be2 Nc6 44. Bc4 h5 45. Bb5
Bf5 46. Nd6 Nc7 47. Bxc6+ Kxc6 48. Nxf7 Kd5 49. h4 Ne6 50. Be7 Nd4 51. Kc3 Ne2+
52. Kd2 Nf4 53. Ng5 Kc4 54. Nf7 Kd5 55. Ng5 b5 56. Nf3 Kc4 57. Ne5+ Kb3 58. Nc6
Nd5 59. Bd6 b4 60. Ne7 Nb6 61. Bc5 Nc4+ 62. Ke2 Ne5 63. Ke3 Bb1 64. f4 Ng4+ 65.
Kd4 Nh6 66. Ke5 Kc4 67. Bxb4 Ng4+ 68. Ke6 Kxb4 69. f5 gxf5 70. Nxf5 Kc5 71. Ng3
Bg6 72. Ne2 Ne3 73. Nf4 Be8 74. Ke7 Nd5+ 75. Nxd5 Kxd5 76. Kxe8 Ke6 0-1

[Event "Kaupthing Open 2008"]
[Site "Differdange LUX"]
[Date "2008.05.17"]
[Round "9.4"]
[White "Kritz, Leonid"]
[Black "Bauer, Christian"]
[Result "1-0"]
[WhiteElo "2609"]
[BlackElo "2618"]
[PlyCount "139"]
[EventDate "2008.05.10"]
[EventType "swiss"]
[EventRounds "9"]
[EventCountry "LUX"]
[Source "lmi"]
[SourceDate "2008.05.10"]

1. e4 e6 2. d4 d5 3. Nc3 Bb4 4. e5 Ne7 5. a3 Bxc3+ 6. bxc3 b6 7. Qg4 Ng6 8. h4
h5 9. Qd1 Qd7 10. Bg5 Qc6 11. Qd2 Ba6 12. Bxa6 Nxa6 13. Ne2 Nb8 14. f4 Nd7 15.
Qd3 Ngf8 16. f5 f6 17. fxe6 Nxe6 18. exf6 gxf6 19. Bd2 O-O-O 20. O-O Rdg8 21.
Ng3 Rg4 22. Nf5 Kb7 23. Rae1 Ndf8 24. Qf3 Ng6 25. g3 Qd7 26. Kh2 Nef4 27. Bxf4
Qxf5 28. Bd2 Qxc2 29. Qxd5+ Kb8 30. Rf2 Nxh4 31. Rfe2 Qg6 32. Bf4 Rxf4 33. gxf4
Rc8 34. Rg1 Qd3 35. Rf2 Qxc3 36. Qxh5 Qxd4 37. Qxh4 f5 38. Rfg2 Kb7 39. Rg8
Rxg8 40. Rxg8 Qb2+ 41. Rg2 Qxa3 42. Qh3 Qe7 43. Rg5 a5 44. Qxf5 a4 45. Qd5+ Ka7
46. Rg8 c6 47. Qd8 Qe2+ 48. Kg3 Ka6 49. Rg5 Qe3+ 50. Kg4 Qe2+ 51. Kh4 Qh2+ 52.
Kg4 Qe2+ 53. Kf5 Kb5 54. Kg6+ c5 55. Qd7+ Kb4 56. Qc6 Qd3+ 57. Kh6 Qd8 58. Qe4+
Ka5 59. Rg7 Qh4+ 60. Kg6 Kb5 61. Qb1+ Kc6 62. Qe4+ Kb5 63. Qb1+ Kc6 64. Rf7
Qg3+ 65. Kh7 Qb3 66. Qg6+ Kb5 67. f5 a3 68. Ra7 Qh3+ 69. Kg7 Qc3+ 70. f6 1-0

[Event "Kaupthing Open 2008"]
[Site "Differdange LUX"]
[Date "2008.05.17"]
[Round "9.5"]
[White "Stefansson, Hannes"]
[Black "Gharamian, Tigran"]
[Result "1/2-1/2"]
[WhiteElo "2583"]
[BlackElo "2554"]
[PlyCount "83"]
[EventDate "2008.05.10"]
[EventType "swiss"]
[EventRounds "9"]
[EventCountry "LUX"]
[Source "lmi"]
[SourceDate "2008.05.10"]

1. d4 Nf6 2. c4 c5 3. Nf3 e6 4. Nc3 cxd4 5. Nxd4 a6 6. g3 Qc7 7. Qd3 Nc6 8.
Nxc6 Qxc6 9. e4 b6 10. Bg2 Bb7 11. b3 b5 12. cxb5 axb5 13. Nxb5 Ba6 14. a4 Bb4+
15. Kf1 e5 16. Bb2 O-O 17. Rc1 Qe6 18. Rc4 Bxb5 19. axb5 Ra2 20. Qb1 Rfa8 21.
Bf3 Bc5 22. Kg2 Qb6 23. Rhc1 d6 24. b4 Qxb5 25. R1c2 Bb6 26. Rc8+ Ne8 27. Be2
Qd7 28. R8c6 Bd8 29. Bc4 R2a7 30. Qd1 Qe7 31. b5 Rb8 32. Rc3 Nf6 33. Rf3 Bb6
34. Rxd6 Bd4 35. Rdxf6 gxf6 36. Bxd4 exd4 37. Qxd4 Rc7 38. Bd5 Qe5 39. Qe3 Rxb5
40. Rf5 Rxd5 41. Rxe5 Rxe5 42. Qf4 1/2-1/2

[Event "Kaupthing Open 2008"]
[Site "Differdange LUX"]
[Date "2008.05.17"]
[Round "9.6"]
[White "Socko, Monika"]
[Black "Velicka, Petr"]
[Result "1-0"]
[WhiteElo "2505"]
[BlackElo "2496"]
[PlyCount "89"]
[EventDate "2008.05.10"]
[EventType "swiss"]
[EventRounds "9"]
[EventCountry "LUX"]
[Source "lmi"]
[SourceDate "2008.05.10"]

1. e4 Nf6 2. e5 Nd5 3. d4 d6 4. c4 Nb6 5. exd6 cxd6 6. Nc3 g6 7. Be3 Bg7 8. Rc1
O-O 9. Be2 d5 10. c5 Nc4 11. Bxc4 dxc4 12. Nge2 Nc6 13. O-O Bf5 14. b3 Bd3 15.
bxc4 Bxc4 16. Qa4 Bxe2 17. Nxe2 Qd7 18. Rfd1 e6 19. Qb5 Rfd8 20. Rb1 b6 21.
cxb6 axb6 22. d5 exd5 23. Bxb6 Re8 24. a4 Qg4 25. Qxc6 Qxe2 26. a5 d4 27. Qb5
h5 28. Qxe2 Rxe2 29. Kf1 Rc2 30. g3 Bf6 31. Rb3 Rc3 32. Rxc3 dxc3 33. Rd7 c2
34. Rc7 Bd8 35. Rxc2 Bxb6 36. axb6 Ra1+ 37. Ke2 Rb1 38. Rc6 Rb2+ 39. Kd3 Kg7
40. Kc3 Rb1 41. Kc4 Rb2 42. Kc5 h4 43. gxh4 Rxf2 44. b7 Rc2+ 45. Kd6 1-0